000 00316nam a2200121Ia 4500
008 231129s1965||||xx |||||||||||||| ||spa||
082 _aGOR- 177
100 _aMommsen Theodor
245 0 _aHistoria de Roma II de la revolución al imperio
260 _c1965
264 _aMadrid: Aguilar 1965
942 _2ddc
_cBKS
999 _c15225
_d15225